Normal view MARC view

Entry Personal Name

Number of records used in: 1

001 - CONTROL NUMBER

  • control field: 6103

003 - CONTROL NUMBER IDENTIFIER

  • control field: OSt

005 - DATE AND TIME OF LATEST TRANSACTION

  • control field: 20151111154831.0

008 - FIXED-LENGTH DATA ELEMENTS

  • fixed length control field: 151111|| aca||aabn | a|a d

040 ## - CATALOGING SOURCE

  • Original cataloging agency: OSt
  • Transcribing agency: OSt

100 ## - HEADING--PERSONAL NAME

  • Personal name: Ahlfors, Lars V.
  • Fuller form of name: (Lars Valerian),
  • Dates associated with a name: 1907-1996.

670 ## - SOURCE DATA FOUND

  • Source citation: Work cat.: (OSt)2520: Ahlfors, Lars V. (Lars Valerian), 1907-1996., Complex analysis :, 1979.